[Event "5th Kolkata Open"]
[Site "Kolkata IND"]
[Date "2012.12.08"]
[Round "6"]
[White "Narayanan,SL"]
[Black "Kunte,A"]
[Result "1/2-1/2"]
[BlackTitle "GM"]
[WhiteElo "2373"]
[BlackElo "2511"]
[WhiteFideId "5058422"]
[BlackFideId "5002265"]
[EventDate "2012.12.03"]

1. Nf3 Nf6 2. c4 e6 3. g3 d5 4. d4 Bb4+ 5. Bd2 Be7 6. Bg2 O-O 7. O-O Nbd7 8. Qc2
c6 9. Rd1 a5 10. Bf4 Nh5 11. Bc1 Nhf6 12. Nc3 b6 13. cxd5 cxd5 14. Bf4 Ba6 15.
Nd2 b5 16. a4 b4 17. Nb5 Rc8 18. Qd3 Qb6 19. Rdc1 Nh5 20. Nb3 Nxf4 21. gxf4 Nf6
22. e3 Rfd8 23. Bf1 Ne4 24. f3 Nd6 25. Nc5 Nf5 1/2-1/2

[Event "5th Kolkata Open"]
[Site "Kolkata IND"]
[Date "2012.12.08"]
[Round "6"]
[White "Grover,S"]
[Black "Sundararajan,K"]
[Result "0-1"]
[WhiteTitle "GM"]
[BlackTitle "GM"]
[WhiteElo "2509"]
[BlackElo "2434"]
[WhiteFideId "5021103"]
[BlackFideId "5005370"]
[EventDate "2012.12.03"]

1. d4 Nf6 2. c4 e6 3. Nc3 Bb4 4. Bg5 h6 5. Bh4 c5 6. d5 Bxc3+ 7. bxc3 d6 8. e3
e5 9. Bd3 Qe7 10. Ne2 Nbd7 11. O-O g5 12. Bg3 e4 13. Bc2 Ne5 14. Qb1 O-O 15. Bb3
Bg4 16. Qc2 Nfd7 17. Bxe5 Nxe5 18. Ng3 f5 19. h3 Nf3+ 20. gxf3 Bxf3 21. Rfe1 g4
22. Ne2 f4 23. Nxf4 Qh4 0-1

[Event "5th Kolkata Open"]
[Site "Kolkata IND"]
[Date "2012.12.08"]
[Round "6"]
[White "Ghosh,D"]
[Black "Deepan,C"]
[Result "1/2-1/2"]
[WhiteTitle "FM"]
[BlackTitle "GM"]
[WhiteElo "2425"]
[BlackElo "2487"]
[WhiteFideId "5045207"]
[BlackFideId "5011132"]
[EventDate "2012.12.03"]

1. c4 Nc6 2. g3 e5 3. Bg2 Bc5 4. Nc3 d6 5. e3 Nge7 6. Nge2 O-O 7. O-O a6 8. a3
Ba7 9. b4 Be6 10. Nd5 Rb8 11. Nec3 b5 12. d3 Qd7 13. Bb2 Kh8 14. Rc1 f5 15. Kh1
Ng6 16. cxb5 axb5 17. f4 Nd8 18. Nxc7 Qxc7 19. Nxb5 Qd7 20. Nxa7 Qxa7 21. d4 e4
22. d5 Bg8 23. Qb3 Rb5 24. Rfd1 Ne7 25. Bd4 Qb7 26. Qb2 Nxd5 27. Bf1 Ne6 28.
Bxb5 Qxb5 29. Qd2 Nxd4 30. Qxd4 Ra8 31. Qb2 Bf7 32. a4 Qxb4 33. Qxb4 Nxb4 34.
Rxd6 h6 35. Rc7 Bh5 36. Rd4 Nd3 37. Rcd7 Kh7 38. Rd8 Ra6 39. R8d6 Ra8 40. Rd8
Ra6 41. R8d6 Ra8 1/2-1/2

[Event "5th Kolkata Open"]
[Site "Kolkata IND"]
[Date "2012.12.08"]
[Round "6"]
[White "Shyam,SM"]
[Black "Gagare,Shar"]
[Result "1-0"]
[WhiteTitle "IM"]
[BlackTitle "FM"]
[WhiteElo "2484"]
[BlackElo "2381"]
[WhiteFideId "5019141"]
[BlackFideId "5037883"]
[EventDate "2012.12.03"]

1. d4 d5 2. c4 dxc4 3. Nf3 Nf6 4. e3 e6 5. Bxc4 a6 6. O-O c5 7. Bd3 Nc6 8. Nc3
Be7 9. dxc5 Bxc5 10. a3 O-O 11. b4 Bd6 12. Bb2 Qe7 13. Ne4 Nxe4 14. Bxe4 Bd7 15.
Qd3 f5 16. Rfd1 fxe4 17. Qxd6 Qxd6 18. Rxd6 exf3 19. Rxd7 Rf7 20. Rad1 Raf8 21.
gxf3 Rxd7 22. Rxd7 Rf7 23. Rd6 e5 24. Kg2 Kf8 25. Rd2 Ke7 26. Kg3 Ke6 27. h4 h5
28. e4 Rf6 29. Rd5 Rg6+ 30. Kh2 Rf6 31. Kg2 Rg6+ 32. Kf1 Rf6 33. Ke2 Rf4 34. b5
axb5 35. Rxb5 Rxh4 36. Rxb7 g5 37. a4 Rh1 38. a5 Rb1 39. a6 h4 40. Bc3 Rc1 41.
Kd3 h3 42. Rh7 Rh1 43. Kc2 h2 44. a7 Nxa7 45. Rh6+ Kf7 46. Bxe5 Nc6 47. Rxh2
Rxh2 48. Bxh2 Nd4+ 49. Kc3 Ne2+ 50. Kd3 Nc1+ 51. Kc2 1-0

[Event "5th Kolkata Open"]
[Site "Kolkata IND"]
[Date "2012.12.08"]
[Round "6"]
[White "Laxman,R"]
[Black "Anurag,M"]
[Result "1-0"]
[WhiteTitle "GM"]
[BlackTitle "FM"]
[WhiteElo "2456"]
[BlackElo "2370"]
[WhiteFideId "5005361"]
[BlackFideId "5024366"]
[EventDate "2012.12.03"]

1. Nf3 Nf6 2. c4 c6 3. d4 d5 4. e3 Bf5 5. Nc3 e6 6. Nh4 Be4 7. f3 Bg6 8. Qb3 Qc7
9. Bd2 Bd6 10. g3 Nbd7 11. Rc1 a6 12. cxd5 exd5 13. Kf2 Qb6 14. Qxb6 Nxb6 15.
Nxg6 hxg6 16. b3 O-O 17. Bd3 Rac8 18. Ne2 Rfe8 19. h4 c5 20. dxc5 Bxc5 21. Rc2
Nfd7 22. Rhc1 Bd6 23. Nd4 Rxc2 24. Rxc2 Rc8 25. g4 Kf8 26. Bc3 Ne5 27. Be2 Ke8
28. Bb2 Rxc2 29. Nxc2 f6 30. Nd4 Kf7 31. Bc3 Nbd7 32. f4 Nc5 33. fxe5 Ne4+ 34.
Kg2 fxe5 35. Bb2 exd4 36. Bxd4 Bc5 37. Bxc5 Nxc5 38. g5 Ne4 39. Bd3 Ke6 40. Kf3
Kf5 41. b4 Ke5 42. a4 Nd2+ 43. Kg4 Ne4 44. Bc2 b6 45. a5 bxa5 46. bxa5 d4 47.
exd4+ Kxd4 48. Kf4 Nd6 49. Bxg6 Kd5 50. Bf5 Nf7 51. Bd3 Ne5 52. Bxa6 1-0

[Event "5th Kolkata Open"]
[Site "Kolkata IND"]
[Date "2012.12.08"]
[Round "6"]
[White "Gomes,Mary"]
[Black "Korobov,A"]
[Result "0-1"]
[WhiteTitle "WGM"]
[BlackTitle "GM"]
[WhiteElo "2382"]
[BlackElo "2702"]
[WhiteFideId "5013623"]
[BlackFideId "14105730"]
[EventDate "2012.12.03"]

1. Nf3 Nf6 2. c4 g6 3. b3 Bg7 4. Bb2 O-O 5. g3 d6 6. d3 e5 7. Bg2 Nh5 8. Nc3 f5
9. O-O Nc6 10. Qd2 h6 11. e3 g5 12. Nd5 Be6 13. Ne1 Qd7 14. f4 Rae8 15. Nf3 Qd8
16. Rae1 Bf7 17. fxe5 dxe5 18. Ba3 Nf6 19. Bxf8 Bxf8 20. Nxf6+ Qxf6 21. Rd1 Bh5
22. Kh1 Rd8 23. Qc1 b6 24. Rd2 Bc5 25. d4 exd4 26. exd4 Nxd4 27. b4 Bxf3 28.
bxc5 Bxg2+ 29. Rxg2 bxc5 30. Qa3 Qc6 31. h3 Re8 32. Kh2 Kg7 33. Qd3 Re4 34. Rgf2
Qe6 35. Qa3 Qe5 36. Qa4 Qd6 37. Qa3 h5 38. Qc3 Qe5 39. Rg2 h4 40. Kh1 Re3 41.
Qd2 hxg3 42. Rfg1 f4 0-1

[Event "5th Kolkata Open"]
[Site "Kolkata IND"]
[Date "2012.12.08"]
[Round "6"]
[White "Fominyh,A"]
[Black "Ramnath,B"]
[Result "1-0"]
[WhiteTitle "GM"]
[BlackTitle "IM"]
[WhiteElo "2455"]
[BlackElo "2355"]
[WhiteFideId "4100590"]
[BlackFideId "5026598"]
[EventDate "2012.12.03"]

1. d4 Nf6 2. c4 g6 3. Nf3 Bg7 4. g3 O-O 5. Bg2 d6 6. Nc3 c6 7. O-O Bf5 8. b3 Ne4
9. Bb2 Nxc3 10. Bxc3 Be4 11. e3 b5 12. Qe2 bxc4 13. bxc4 c5 14. Rfc1 Nc6 15. d5
Bxc3 16. Rxc3 Na5 17. Ne1 Bxg2 18. Kxg2 Rb8 19. Nd3 e6 20. Qf3 Qe8 21. Rac1 Qa4
22. h4 exd5 23. Qxd5 Qxa2 24. h5 Nb3 25. R1c2 Qa5 26. Qxd6 Qb6 27. Qd5 Rfd8 28.
Qf3 a5 29. Ra2 Kg7 30. Ne5 f6 31. h6+ Kxh6 32. Nf7+ Kg7 33. Nxd8 Rxd8 34. Rb2 a4
35. e4 Qc6 36. e5 Qxf3+ 37. Kxf3 fxe5 38. Ra2 Ra8 39. Ke4 Nd4 40. Rca3 Rb8 41.
Rxa4 h5 42. Kxe5 Rb1 43. Kd5 Nb3 44. Ra7+ Kh6 45. Rb7 Rd1+ 46. Ke4 Nd2+ 47. Kd3
Nb3+ 1-0

[Event "5th Kolkata Open"]
[Site "Kolkata IND"]
[Date "2012.12.08"]
[Round "6"]
[White "Nitin,S"]
[Black "Thejkumar,M"]
[Result "0-1"]
[WhiteTitle "IM"]
[BlackTitle "IM"]
[WhiteElo "2385"]
[BlackElo "2442"]
[WhiteFideId "5018277"]
[BlackFideId "5009154"]
[EventDate "2012.12.03"]

1. e4 c6 2. d4 d5 3. Nc3 dxe4 4. Nxe4 Nd7 5. Ng5 Ndf6 6. N1f3 g6 7. Bc4 Nd5 8.
O-O Bg7 9. Bb3 Nh6 10. c4 Nc7 11. d5 cxd5 12. cxd5 O-O 13. Bf4 Nf5 14. d6 exd6
15. Nxf7 Rxf7 16. Bxf7+ Kxf7 17. Ng5+ Kf8 18. Qb3 d5 19. Rfe1 h6 20. Qb4+ Kg8
21. Bxc7 Qxg5 22. Re8+ Kh7 23. Rae1 a5 24. Qc5 Qd2 25. R1e2 Qd3 26. Re1 Qd2 27.
R8e2 Qd4 28. Qxd4 Nxd4 29. Re8 Nc6 30. a4 Bxb2 31. h4 h5 32. R1e3 Bf6 33. Bd6
Kg7 34. Bf8+ Kf7 35. Bd6 Kg7 36. Bf8+ Kf7 37. Bc5 Bg7 38. Bb6 d4 39. Re1 d3 40.
R8e3 Bf5 41. g3 Ra6 42. Bc5 b6 43. Ba3 Bd4 44. Rf3 Ra7 45. Bc1 Bc3 46. Rd1 Ne5
47. Rf4 d2 0-1

[Event "5th Kolkata Open"]
[Site "Kolkata IND"]
[Date "2012.12.08"]
[Round "6"]
[White "Konguvel,P"]
[Black "Narayanan,Sri"]
[Result "0-1"]
[WhiteTitle "IM"]
[BlackTitle "IM"]
[WhiteElo "2359"]
[BlackElo "2439"]
[WhiteFideId "5000548"]
[BlackFideId "5018420"]
[EventDate "2012.12.03"]

1. e4 c5 2. Nf3 d6 3. d4 cxd4 4. Nxd4 Nf6 5. Nc3 a6 6. Bg5 e6 7. f4 Be7 8. Qf3
Qc7 9. O-O-O Nbd7 10. g4 b5 11. Bxf6 Nxf6 12. g5 Nd7 13. f5 O-O 14. Qh5 b4 15.
Rd3 bxc3 16. Rxc3 Qb6 17. Nc6 Bf6 18. e5 g6 19. Qh6 Qf2 20. Kd1 Bg7 21. Ne7+ Kh8
22. Qxh7+ Kxh7 23. Rh3+ Bh6 24. Rxh6+ Kg7 25. f6+ Nxf6 26. exf6+ Qxf6 27. gxf6+
Kxh6 28. Rg1 a5 29. c4 a4 30. Kc2 Ra5 31. Rg3 Rh5 32. h3 Rg5 33. Rd3 Rg1 34. Be2
Rg2 35. Kd1 d5 36. Ra3 Bd7 37. c5 Rb8 38. c6 Rxb2 0-1

[Event "5th Kolkata Open"]
[Site "Kolkata IND"]
[Date "2012.12.08"]
[Round "6"]
[White "Gokhale,C"]
[Black "Saptarshi,R"]
[Result "1/2-1/2"]
[WhiteTitle "IM"]
[BlackTitle "IM"]
[WhiteElo "2236"]
[BlackElo "2402"]
[WhiteFideId "5001315"]
[BlackFideId "5008980"]
[EventDate "2012.12.03"]

1. d4 d5 2. c4 e6 3. Nc3 c6 4. cxd5 exd5 5. Nf3 Bf5 6. Bg5 f6 7. Bf4 Bd6 8. Bxd6
Qxd6 9. e3 Ne7 10. Bd3 Bxd3 11. Qxd3 Nd7 12. O-O O-O 13. e4 dxe4 14. Nxe4 Qd5
15. Nc3 Qf7 16. Rfe1 Rad8 17. Qc2 Nb6 18. Ne4 Ned5 19. Nc5 Rfe8 20. a3 Nf4 21.
g3 Qd5 22. Qb3 Qxb3 23. Nxb3 Nd3 24. Rxe8+ Rxe8 25. Nc5 Nxc5 26. dxc5 Na4 27. b4
Rd8 28. Re1 Kf7 29. Re3 Rd1+ 30. Kg2 b6 31. cxb6 axb6 32. Re4 Nb2 33. Nd4 c5 34.
bxc5 bxc5 35. Nf5 g6 36. Re7+ Kf8 37. Re2 Nd3 38. Ne3 Ra1 39. Nc4 Rc1 40. Nb2
Ne1+ 41. Kh3 h5 42. Re3 g5 43. g4 f5 44. gxf5 Nf3 45. Kg3 Nh4 46. Kh3 Nxf5 47.
Re5 Rc3+ 48. Kg2 Nh4+ 49. Kf1 Rc1+ 50. Re1 Rxe1+ 51. Kxe1 Nf3+ 52. Ke2 Nxh2 53.
Nd3 c4 54. Ne5 c3 55. Kd3 h4 56. Kxc3 Nf1 57. Kd3 h3 58. Ng4 h2 59. Nxh2 Nxh2
60. Ke4 Kg8 1/2-1/2

[Event "5th Kolkata Open"]
[Site "Kolkata IND"]
[Date "2012.12.08"]
[Round "6"]
[White "Sharma,Di"]
[Black "Padhya,S"]
[Result "1/2-1/2"]
[WhiteTitle "IM"]
[WhiteElo "2387"]
[BlackElo "2236"]
[WhiteFideId "5004110"]
[BlackFideId "5079853"]
[EventDate "2012.12.03"]

1. e4 c5 2. Nf3 d6 3. d4 cxd4 4. Nxd4 Nf6 5. Nc3 a6 6. Bc4 e6 7. Bb3 b5 8. Qf3
Qc7 9. Bg5 Be7 10. O-O-O Nbd7 11. e5 Bb7 12. Qg3 Nxe5 13. Bxe6 fxe6 14. f4 Kf7
15. fxe5 dxe5 16. Nf3 Rhd8 17. Qxe5 Qxe5 18. Nxe5+ Ke8 19. Nf3 Rxd1+ 20. Rxd1
Rd8 21. Rxd8+ Bxd8 22. Ne2 h6 23. Be3 Nd7 24. Bd4 Kf7 25. Kd2 Bc7 26. h3 e5 27.
Be3 Nf6 28. Nc3 Ke6 29. Ke2 Bc6 30. a3 Bd6 31. Kf1 a5 32. Bb6 b4 33. axb4 axb4
34. Nd1 Nd5 35. Ba7 Ba4 36. Ne1 e4 37. Ne3 Nxe3+ 38. Bxe3 Kd5 39. Kf2 b3 40.
cxb3 Bxb3 41. g3 Be5 42. h4 Bxb2 43. Ng2 Ke5 44. Ba7 Be6 45. Ne3 Kf6 46. Bb6 Kg6
47. Bc5 Be5 48. Bb6 Kf7 49. Bc5 Ke8 50. Bb6 Kd7 51. Bc5 Kc6 52. Ba7 Kb5 53. Kg2
Ka6 54. Bc5 Kb5 55. Ba7 Kb4 56. Kf2 Kc3 57. Nd1+ Kd3 58. Ne3 g6 59. Bb6 Kc3 60.
Ba7 Kb4 61. Bb6 Kb5 62. Ba7 Bf6 63. Ke2 Be5 64. Kf2 Ka4 65. Bc5 Kb3 66. Ba7 Kc3
67. Bb6 Kd3 68. Bc5 Bf6 69. Bb6 Be7 70. Ng2 Bf5 71. Nf4+ Kd2 72. Nd5 Bf8 73. Ne3
Be6 74. Ng2 Bf5 75. Ne3 h5 76. Ng2 Be7 77. Ba7 Be6 78. Be3+ Kc3 79. Bb6 Kc2 80.
Ne1+ Kd1 81. Ng2 g5 82. hxg5 Bxg5 83. Be3 Bd8 84. Bc5 Bh3 85. Nf4 Bg4 86. Ke3
Bf3 87. Nxh5 Ba5 88. Nf6 Bd2+ 89. Kf2 Be1+ 90. Ke3 Bd2+ 91. Kf2 Bc3 92. Nxe4
Bxe4 93. Bb6 Bd2 94. Bc5 Bc6 95. g4 Bf4 96. Be3 Be5 97. g5 Bc3 98. g6 Be1+ 99.
Kg1 Ke2 100. g7 Bd5 101. g8=Q Bxg8 102. Bd4 Bg3 103. Bc5 Kf3 104. Bd4 Bc4 105.
Bc5 Be2 106. Bb6 Kg4 107. Bc5 Kh3 108. Bb6 1/2-1/2

[Event "5th Kolkata Open"]
[Site "Kolkata IND"]
[Date "2012.12.08"]
[Round "6"]
[White "Shreyans,K"]
[Black "Karavade,E"]
[Result "0-1"]
[BlackTitle "IM"]
[WhiteElo "2231"]
[BlackElo "2385"]
[WhiteFideId "5029074"]
[BlackFideId "5012600"]
[EventDate "2012.12.03"]

1. e3 g6 2. f4 Bg7 3. Nf3 d5 4. d4 c5 5. c3 Qc7 6. Bd3 Nh6 7. O-O O-O 8. b3 b6
9. Qe2 Bf5 10. Ba3 Bxd3 11. Qxd3 Nd7 12. Nbd2 Nf5 13. Rac1 Rfd8 14. Rc2 Rac8 15.
Rfc1 Qb7 16. g4 Nd6 17. Qe2 Nf6 18. h3 Nfe4 19. b4 c4 20. Nxe4 dxe4 21. Nd2 f6
22. Rf1 Qd5 23. Bb2 b5 24. Ra1 e5 25. a4 a6 26. Rcc1 Re8 27. Rf1 Bh6 28. Qg2
exf4 29. exf4 Qf7 30. axb5 axb5 31. Ra6 Rcd8 32. g5 Bg7 33. Bc1 fxg5 34. fxg5
Qb7 35. Ra2 Rd7 36. Re1 Rde7 37. Nf1 Nf5 38. Nh2 Nh4 39. Qg3 Nf3+ 40. Nxf3 exf3
41. Rxe7 Qxe7 42. Bf4 Qe4 43. Rf2 Qe1+ 44. Rf1 Qxc3 45. d5 Qd4+ 46. Kh1 Qxd5 47.
Rxf3 0-1

[Event "5th Kolkata Open"]
[Site "Kolkata IND"]
[Date "2012.12.09"]
[Round "7"]
[White "Vaibhav,S"]
[Black "Iordachescu,V"]
[Result "1/2-1/2"]
[WhiteTitle "GM"]
[BlackTitle "GM"]
[WhiteElo "2494"]
[BlackElo "2619"]
[WhiteFideId "5045185"]
[BlackFideId "13900200"]
[EventDate "2012.12.03"]

1. e4 c6 2. d4 d5 3. Nc3 dxe4 4. Nxe4 Nd7 5. Nf3 Ngf6 6. Ned2 e6 7. g3 b6 8. Bg2
Bb7 9. O-O c5 10. Qe2 Be7 11. Rd1 O-O 12. Nc4 cxd4 13. Nxd4 Bxg2 14. Kxg2 Qc8
15. b3 Re8 16. Bb2 a6 17. Ne3 Ra7 18. c4 Bc5 19. Kg1 1/2-1/2

[Event "5th Kolkata Open"]
[Site "Kolkata IND"]
[Date "2012.12.09"]
[Round "7"]
[White "Swapnil,SD"]
[Black "Dzhumaev,M"]
[Result "1/2-1/2"]
[WhiteTitle "IM"]
[BlackTitle "GM"]
[WhiteElo "2438"]
[BlackElo "2530"]
[WhiteFideId "5019184"]
[BlackFideId "14200236"]
[EventDate "2012.12.03"]

1. d4 Nf6 2. c4 g6 3. Nc3 Bg7 4. e4 d6 5. h3 O-O 6. Nf3 e5 7. d5 Nh5 8. Be3 f5
9. c5 Na6 10. c6 b6 11. exf5 gxf5 12. Ng5 Nf4 13. Bxf4 exf4 14. Ne6 Re8 15. Bxa6
Bxa6 16. Qc2 Bc8 17. Qxf5 Bxe6 18. dxe6 Qf6 19. Qxf6 Bxf6 20. Nd5 Bxb2 21. Rb1
Rxe6+ 22. Kd2 Re5 23. Nxc7 Rc8 24. Rxb2 Rxc7 25. Rc1 f3 26. gxf3 Rc5 27. Rg1+
Kf7 28. Rb4 R7xc6 29. Rf4+ Ke6 30. Re1+ Re5 31. Rxe5+ Kxe5 32. Rf7 a5 33. Rxh7
Rc4 34. Rh5+ Ke6 35. Rb5 Ra4 36. Rxb6 Rxa2+ 37. Ke3 a4 38. Ra6 a3 39. Kd4 Kf5
40. Kc4 Rc2+ 41. Kb3 Rxf2 42. Rxa3 Rxf3+ 43. Kb2 Rf2+ 44. Kc3 Ke5 45. Ra4 d5 46.
h4 Rh2 47. Kd3 Rh1 48. Rg4 Rh3+ 49. Kd2 d4 50. Rg8 Rxh4 51. Re8+ Kf5 52. Kd3 Rg4
53. Rf8+ 1/2-1/2

[Event "5th Kolkata Open"]
[Site "Kolkata IND"]
[Date "2012.12.09"]
[Round "7"]
[White "Sandipan,C"]
[Black "Arun Prasad,S"]
[Result "1/2-1/2"]
[WhiteTitle "GM"]
[BlackTitle "GM"]
[WhiteElo "2613"]
[BlackElo "2513"]
[WhiteFideId "5004225"]
[BlackFideId "5011167"]
[EventDate "2012.12.03"]

1. d4 Nf6 2. c4 e6 3. g3 c5 4. d5 exd5 5. cxd5 d6 6. Nc3 g6 7. Nf3 Bg7 8. Bg2
O-O 9. O-O Re8 10. Bf4 Na6 11. Re1 Bg4 12. h3 Bxf3 13. Bxf3 Qd7 14. e4 Rad8 15.
Kh2 c4 16. b3 Nh5 17. Bd2 Nc5 18. bxc4 f5 19. Rb1 Qf7 20. exf5 Qxf5 21. g4 Qd3
22. gxh5 Bxc3 23. Bxc3 Qxc3 24. Rg1 Rf8 25. Rg3 Rf6 26. hxg6 hxg6 27. Qe1 Qxe1
28. Rxe1 Rdf8 29. Be4 Rxf2+ 30. Kg1 Nxe4 31. Rxe4 Rf1+ 32. Kh2 R8f2+ 33. Rg2 Kf7
34. Re6 Rf6 35. Rxf6+ 1/2-1/2

[Event "5th Kolkata Open"]
[Site "Kolkata IND"]
[Date "2012.12.09"]
[Round "7"]
[White "Hossain,Enam"]
[Black "Adly,A"]
[Result "0-1"]
[WhiteTitle "GM"]
[BlackTitle "GM"]
[WhiteElo "2496"]
[BlackElo "2607"]
[WhiteFideId "10200649"]
[BlackFideId "10601619"]
[EventDate "2012.12.03"]

1. e4 c5 2. Nf3 d6 3. d4 Nf6 4. Nc3 cxd4 5. Nxd4 a6 6. Be2 e5 7. Nb3 Be6 8. Bg5
Nbd7 9. Nd5 h6 10. Bxf6 Nxf6 11. Nxf6+ Qxf6 12. O-O Rc8 13. Re1 Be7 14. Na5 Rc7
15. b3 Rd7 16. Nc4 Bd8 17. a4 O-O 18. Bd3 Re8 19. a5 d5 20. exd5 Rxd5 21. Qe2
Bc7 22. Be4 Rb5 23. Red1 Qe7 24. Qf3 g6 25. Bxb7 e4 26. Bxe4 Bxh2+ 27. Kxh2 Qh4+
28. Kg1 Rh5 29. g3 Qh2+ 30. Kf1 Bh3+ 31. Ke2 Bg2 32. Qc3 Bxe4 33. Ne3 Rf5 34.
Rf1 Bg2 35. b4 Rf3 36. Rg1 Rfxe3+ 37. fxe3 Bc6+ 38. Kd3 Bb5+ 39. Kd4 Qe2 40. g4
Rd8+ 41. Ke4 Re8+ 42. Kd4 Qf3 43. Qe1 Qf6+ 0-1

[Event "5th Kolkata Open"]
[Site "Kolkata IND"]
[Date "2012.12.09"]
[Round "7"]
[White "Gopal,G"]
[Black "Nolte,R"]
[Result "1-0"]
[WhiteTitle "GM"]
[BlackTitle "IM"]
[WhiteElo "2547"]
[BlackElo "2453"]
[WhiteFideId "5015693"]
[BlackFideId "5200636"]
[EventDate "2012.12.03"]

1. e4 d6 2. d4 Nf6 3. Nc3 g6 4. Be3 c6 5. Qd2 b5 6. Bd3 Nbd7 7. Nf3 Bg7 8. h3
O-O 9. O-O Qc7 10. Ne2 c5 11. c3 Bb7 12. Ng3 e5 13. dxe5 Nxe5 14. Nxe5 dxe5 15.
Bxb5 Nxe4 16. Nxe4 Bxe4 17. Qe2 Rfb8 18. Bc4 Qc6 19. f3 Bd5 20. b3 Rd8 21. Rad1
Rac8 22. Qd3 Bxc4 23. Qxd8+ Bf8 24. Qd7 Bxf1 25. Kxf1 c4 26. b4 Qa6 27. a4 Ra8
28. Kg1 h5 29. b5 Qf6 30. Bxa7 Bh6 31. Bf2 Bf4 32. Rd5 Qg5 33. h4 Qh6 34. Qc6
Kf8 35. a5 Bd2 36. Bc5+ Kg7 37. a6 Bc1 38. Rd6 1-0

[Event "5th Kolkata Open"]
[Site "Kolkata IND"]
[Date "2012.12.09"]
[Round "7"]
[White "Sundararajan,K"]
[Black "Korobov,A"]
[Result "0-1"]
[WhiteTitle "GM"]
[BlackTitle "GM"]
[WhiteElo "2434"]
[BlackElo "2702"]
[WhiteFideId "5005370"]
[BlackFideId "14105730"]
[EventDate "2012.12.03"]

1. d4 Nf6 2. c4 e6 3. Nc3 Bb4 4. e3 c5 5. Nf3 Bxc3+ 6. bxc3 d6 7. Bd3 Nc6 8. O-O
e5 9. Nd2 O-O 10. d5 Ne7 11. Qc2 Bd7 12. f3 Qc8 13. Rf2 h6 14. Nf1 Ne8 15. f4
exf4 16. Rxf4 b5 17. cxb5 Nxd5 18. Rf2 c4 19. Bh7+ Kh8 20. Be4 Nef6 21. Bxd5
Nxd5 22. e4 Nf6 23. Rxf6 gxf6 24. Qf2 Qc5 25. Be3 Qh5 26. Ng3 Qg6 27. Rd1 Rfb8
28. Rxd6 Be6 29. a4 Rd8 30. Rxd8+ Rxd8 31. Bd4 Kh7 32. h3 h5 33. Kh2 h4 34. Nf5
Bxf5 35. Qxh4+ Qh6 36. Qxh6+ Kxh6 37. Be3+ Kg7 38. exf5 Rd3 39. Bxa7 Rxc3 40. b6
Rb3 41. a5 c3 42. a6 c2 43. b7 c1=Q 44. b8=Q Rxb8 45. Bxb8 Qc4 46. a7 Qa4 47. g4
Kf8 48. h4 Qe4 49. Kg3 Ke7 50. h5 Qh1 51. Kf2 Kd7 52. h6 Kc8 53. Bf4 Kb7 54. Be3
Qh3 0-1

[Event "5th Kolkata Open"]
[Site "Kolkata IND"]
[Date "2012.12.09"]
[Round "7"]
[White "Thejkumar,M"]
[Black "Tiviakov,S"]
[Result "1/2-1/2"]
[WhiteTitle "IM"]
[BlackTitle "GM"]
[WhiteElo "2442"]
[BlackElo "2663"]
[WhiteFideId "5009154"]
[BlackFideId "1008013"]
[EventDate "2012.12.03"]

1. d4 Nf6 2. Nf3 e6 3. c4 b6 4. g3 Bb7 5. Bg2 Be7 6. O-O O-O 7. Nc3 Na6 8. Ne5
Bxg2 9. Kxg2 c6 10. e4 Qc7 11. Qf3 d6 12. Nd3 Nd7 13. a3 Qb7 14. b4 Bf6 15. Be3
c5 16. Nb5 cxd4 17. Bxd4 Bxd4 18. Nxd4 Rac8 19. Rac1 Rfd8 20. Rfd1 e5 21. Nf5
Nf6 22. b5 Nc5 23. Nxc5 Rxc5 24. Rxd6 Rxd6 25. Nxd6 Qe7 26. Nf5 Qc7 27. Qd3 g6
28. Ne3 Rxb5 29. cxb5 Qxc1 30. Qd6 Kg7 31. Qxe5 Qb1 32. f3 Qa2+ 33. Kh3 Qxa3 34.
Qd4 Qc5 35. Qd3 Qe5 36. Kg2 h5 37. h4 Qb2+ 38. Kg1 Qe5 39. Kg2 Qc5 40. f4 Ne8
41. Nd5 Nc7 42. Nxc7 Qxc7 43. Qd4+ Kg8 44. Qd5 Qc2+ 45. Kf3 Qc3+ 46. Kf2 Qb2+
47. Kf3 Qc3+ 48. Kf2 Qb2+ 49. Kf3 Qc3+ 50. Kf2 1/2-1/2

[Event "5th Kolkata Open"]
[Site "Kolkata IND"]
[Date "2012.12.09"]
[Round "7"]
[White "Gupta,Ab"]
[Black "Narayanan,Sri"]
[Result "1/2-1/2"]
[WhiteTitle "GM"]
[BlackTitle "IM"]
[WhiteElo "2662"]
[BlackElo "2439"]
[WhiteFideId "5010608"]
[BlackFideId "5018420"]
[EventDate "2012.12.03"]

1. d4 Nf6 2. c4 e6 3. g3 d5 4. Nf3 dxc4 5. Bg2 c6 6. a4 c5 7. O-O Bd7 8. Na3 Bc6
9. Nxc4 Bd5 10. Ne3 Be4 11. dxc5 Qxd1 12. Rxd1 Bxc5 13. Nc4 Bd5 14. Nfe5 Na6 15.
Bd2 Rc8 16. Rac1 O-O 17. Bxd5 Nxd5 18. Nd7 Rfd8 19. Nxc5 Nxc5 20. Na5 b6 21. b4
Nxa4 22. Nc6 Nac3 23. Bxc3 Rxc6 24. e4 Rdc8 25. exd5 Rxc3 26. Rxc3 Rxc3 27. d6
Rc8 28. Ra1 Rd8 29. Rxa7 Kf8 30. d7 Ke7 31. Rb7 Rxd7 32. Rxb6 Rd2 33. Kg2 Rd3
34. Rb7+ Kf6 35. h4 h5 36. b5 Rb3 37. b6 g6 38. Rb8 Kg7 39. Kf1 Rb2 40. Ke1 Kf6
41. f3 Kg7 42. Kd1 Rf2 43. f4 Rb2 44. Kc1 Rb5 45. Kc2 Kf6 46. Rb7 e5 47. fxe5+
Kxe5 48. Kd3 Kd5 49. Ke3 Ke5 50. Re7+ Kf6 51. Rb7 Ke5 52. Kd3 Kd5 53. Rb8 Kc6
54. Ke4 g5 55. hxg5 Rxg5 56. Kf4 Rg4+ 57. Kf3 Rg5 58. Kf2 Rb5 59. Kg2 Rxb6 60.
Rd8 Kc7 61. Rd5 Rd6 62. Rf5 f6 63. Kh3 Kd7 64. Rxh5 Ke6 65. Ra5 Kf7 66. Kh4 Kg6
67. g4 Rd1 68. Ra8 Rh1+ 69. Kg3 Rb1 70. Ra5 Rg1+ 71. Kf4 Rf1+ 72. Kg3 Rg1+ 73.
Kf4 Rf1+ 74. Kg3 1/2-1/2

[Event "5th Kolkata Open"]
[Site "Kolkata IND"]
[Date "2012.12.09"]
[Round "7"]
[White "Karavade,E"]
[Black "Lintchevski,D"]
[Result "1-0"]
[WhiteTitle "IM"]
[BlackTitle "GM"]
[WhiteElo "2385"]
[BlackElo "2553"]
[WhiteFideId "5012600"]
[BlackFideId "4171055"]
[EventDate "2012.12.03"]

1. d4 Nf6 2. c4 g6 3. Nc3 Bg7 4. e4 d6 5. f3 O-O 6. Nge2 Nc6 7. Be3 a6 8. Qd2
Na5 9. Nc1 Nd7 10. Nb3 Nxb3 11. axb3 c5 12. d5 Qb6 13. Ra3 e5 14. Bd3 f5 15.
exf5 gxf5 16. O-O Rf7 17. Na4 Qc7 18. b4 b6 19. f4 Rb8 20. b5 a5 21. Qc2 e4 22.
Be2 Nf6 23. h3 Bh8 24. Kh1 Rg7 25. Rg1 Rg6 26. Qd1 Ng4 27. Bxg4 fxg4 28. g3 Bf6
29. h4 Bxh4 30. gxh4 g3 31. f5 Bxf5 32. Bg5 Re8 33. Raxg3 e3 34. Rxe3 Be4+ 35.
Kh2 Qf7 36. Qe2 h6 37. Rxe4 Rxe4 38. Qxe4 hxg5 1-0